[Event "Kandidatklassen 2001"]
[Site "Nyborg"]
[Date "2001.04.12"]
[Round "3"]
[White "Harholm, Jes Uffe"]
[Black "Aagaard, Jacob"]
[Result "1-0"]
[WhiteElo "2134"]
[BlackElo "2364"]
[PlyCount "85"]
[EventDate "2001.??.??"]

1. e4 c5 2. Nc3 Nc6 3. f4 e6 4. Nf3 Nf6 5. d3 d5 6. e5 Nd7 7. Be2 b5 8. O-O b4
9. Nb1 a5 10. Qe1 g6 11. Qg3 Ba6 12. Nbd2 Be7 13. c4 bxc3 14. bxc3 a4 15. c4
Nb6 16. Rb1 Nd4 17. Nxd4 cxd4 18. f5 gxf5 19. Qg7 Rf8 20. c5 Nd7 21. c6 Nb8 22.
Nf3 Nxc6 23. Bh6 Kd7 24. Rfc1 Rb8 25. Rxb8 Qxb8 26. Bd1 Qb4 27. Qxh7 Rc8 28.
Qxf7 Bxd3 29. Bg5 Bc4 30. Bxe7 Nxe7 31. Bc2 d3 32. Nd4 Qb6 33. Bxa4+ Kc7 34.
Qxe7+ Kb8 35. Qd6+ Qxd6 36. exd6 e5 37. Nc6+ Rxc6 38. Bxc6 e4 39. d7 Kc7 40.
Bxd5 d2 41. Rd1 Bxd5 42. d8=Q+ Kxd8 43. Rxd2 1-0

[Event "Kandidatklassen 2001"]
[Site "Nyborg"]
[Date "2001.04.12"]
[Round "3"]
[White "Pedersen, Christian Kyndel"]
[Black "Lindestrom, Torsten"]
[Result "1/2-1/2"]
[WhiteElo "2222"]
[BlackElo "2237"]
[PlyCount "61"]
[EventDate "2001.??.??"]

1. e4 d5 2. exd5 Qxd5 3. Nc3 Qa5 4. d4 Nf6 5. Bc4 Bg4 6. f3 Bf5 7. Nge2 e6 8.
Be3 c6 9. Qd2 Nbd7 10. O-O-O Bb4 11. Kb1 Nb6 12. Bd3 Nfd5 13. a3 Bxc3 14. Nxc3
Bxd3 15. Qxd3 Nxc3+ 16. Qxc3 Qxc3 17. bxc3 Nc4 18. Bc1 O-O-O 19. Ka2 Rd5 20.
Rde1 Rhd8 21. Re4 b5 22. Rhe1 Rh5 23. h4 Rf5 24. Rg4 g6 25. Rg5 Rdd5 26. Kb3 a5
27. a4 Kd7 28. axb5 cxb5 29. Rg4 Nd6 30. Bh6 e5 31. Bg7 1/2-1/2

[Event "Kandidatklassen 2001"]
[Site "Nyborg"]
[Date "2001.04.12"]
[Round "3"]
[White "Sorensen, Torben N"]
[Black "Grabow, Pouelsten Holm"]
[Result "1-0"]
[WhiteElo "2327"]
[BlackElo "2186"]
[PlyCount "76"]
[EventDate "2001.??.??"]

1. Nf3 Nf6 2. c4 c5 3. Nc3 Nc6 4. g3 g6 5. Bg2 Bg7 6. O-O O-O 7. d3 d6 8. a3
Ne8 9. Bd2 Nc7 10. Qc1 Nd4 11. Nxd4 cxd4 12. Nd5 Nxd5 13. Bxd5 Bh3 14. Bxb7
Bxf1 15. Kxf1 Rb8 16. Bf3 Qd7 17. b4 Rfc8 18. a4 e5 19. b5 f5 20. Bd5+ Kh8 21.
Rb1 h5 22. a5 f4 23. Kg2 Bh6 24. b6 a6 25. b7 Rf8 26. Rb6 h4 27. f3 hxg3 28.
hxg3 Bg5 29. Rxa6 Kg7 30. g4 Rh8 31. Ra8 Rxb7 32. Rxh8 Kxh8 33. Bxb7 Qxb7 34.
Qa1 Qa7 35. Bb4 Be7 36. Qa4 Kg7 37. a6 Kf7 38. Qb5 d5 1-0

[Event "Kandidatklassen 2001"]
[Site "Nyborg"]
[Date "2001.04.12"]
[Round "3"]
[White "Borbjerggaard, Lars"]
[Black "Christensen, Stefan"]
[Result "1-0"]
[WhiteElo "2373"]
[BlackElo "2160"]
[PlyCount "51"]
[EventDate "2001.??.??"]

1. d4 Nf6 2. c4 e6 3. Nc3 Bb4 4. f3 c5 5. d5 Bxc3+ 6. bxc3 Nh5 7. g3 f5 8. Nh3
e5 9. Bg5 Qa5 10. Qd3 O-O 11. Be7 Re8 12. d6 Nf6 13. Ng5 e4 14. fxe4 fxe4 15.
Qd2 Nc6 16. Bxf6 gxf6 17. Bg2 fxg5 18. Qxg5+ Kh8 19. Qf6+ Kg8 20. O-O Qd8 21.
Qf7+ Kh8 22. Rf4 Re5 23. Raf1 b6 24. Rg4 Rg5 25. Bxe4 Qg8 26. Rxg5 1-0

[Event "Kandidatklassen 2001"]
[Site "Nyborg"]
[Date "2001.04.12"]
[Round "3"]
[White "Pedersen, Jan Rode"]
[Black "Pedersen, Nicolai Vesterbaek"]
[Result "0-1"]
[WhiteElo "2182"]
[BlackElo "2365"]
[PlyCount "72"]
[EventDate "2001.??.??"]

1. e4 e5 2. Nf3 Nc6 3. Bb5 a6 4. Bxc6 dxc6 5. d4 exd4 6. Qxd4 Qxd4 7. Nxd4 Bd7
8. Nc3 O-O-O 9. Be3 Ne7 10. h3 c5 11. Nf3 Ng6 12. Ng5 Be8 13. f4 b6 14. O-O Be7
15. Nf3 Bd6 16. e5 Be7 17. f5 Nh4 18. Ng5 h6 19. Nge4 Bd7 20. g4 Bc6 21. Kf2
Rd4 22. f6 gxf6 23. Nxf6 Rc4 24. Kg3 Ng6 25. Bf4 Bxf6 26. exf6 h5 27. Rf2 Nxf4
28. g5 h4+ 29. Kh2 Re8 30. Raf1 Ng6 31. Nd1 Re5 32. c3 Rce4 33. Rd2 Re2+ 34.
Rxe2 Rxe2+ 35. Rf2 Re1 36. Rd2 Rh1# 0-1

[Event "Kandidatklassen 2001"]
[Site "Nyborg"]
[Date "2001.04.12"]
[Round "3"]
[White "Baekgaard, Martin"]
[Black "Carstensen, Jacob"]
[Result "0-1"]
[WhiteElo "2259"]
[BlackElo "2224"]
[PlyCount "98"]
[EventDate "2001.??.??"]

1. c4 e5 2. g3 Nf6 3. Bg2 d5 4. cxd5 Nxd5 5. Nf3 Nc6 6. O-O Nb6 7. d3 Be7 8. a3
a5 9. b3 O-O 10. Bb2 f6 11. Nbd2 Be6 12. Qc2 Qd7 13. Rfd1 Rfd8 14. Ne4 a4 15.
Nfd2 axb3 16. Nxb3 Na4 17. Nbc5 Nxc5 18. Nxc5 Bxc5 19. Qxc5 Na5 20. Qc3 Nb3 21.
Rab1 Nd4 22. Re1 c6 23. Bc1 Ra4 24. Rb4 Nb5 25. Qc5 Rda8 26. Bb2 R4a5 27. Qc1
Nxa3 28. d4 exd4 29. Rxd4 Qe7 30. Rh4 Rc5 31. Qa1 Rca5 32. Qc1 Ra4 33. Rxa4
Rxa4 34. Qd1 Ra8 35. Be4 Nc4 36. Bc3 Rd8 37. Qb1 h6 38. Bg2 Bd5 39. e4 Bf7 40.
Qa1 Qa3 41. Qxa3 Nxa3 42. f4 Rd3 43. Rc1 Nb5 44. Ba1 Nd4 45. Rb1 Ba2 46. Re1
Nc2 47. Re2 Bb3 48. Bb2 Nd4 49. Re1 Rd2 0-1

[Event "Kandidatklassen 2001"]
[Site "Nyborg"]
[Date "2001.04.12"]
[Round "3"]
[White "Rasmussen, Casper Dahl"]
[Black "Hagen, Andreas Skytte"]
[Result "1-0"]
[WhiteElo "2255"]
[BlackElo "2073"]
[PlyCount "123"]
[EventDate "2001.??.??"]

1. c4 c5 2. Nf3 Nf6 3. Nc3 g6 4. d4 cxd4 5. Nxd4 Bg7 6. e4 Nc6 7. Be3 Ng4 8.
Qxg4 Nxd4 9. Qd1 Ne6 10. Rc1 d6 11. Be2 Qa5 12. O-O b6 13. Qd2 Bb7 14. f3 g5
15. Rfd1 h5 16. Nd5 Qxd2 17. Rxd2 Rc8 18. b4 Be5 19. Bd1 Nf4 20. Ba4+ Bc6 21.
Bxc6+ Rxc6 22. g3 Ne6 23. f4 Bf6 24. a4 gxf4 25. gxf4 Rg8+ 26. Kf2 Bh4+ 27. Kf3
Nd8 28. Rg2 Rxg2 29. Kxg2 Ne6 30. Kh3 Bf6 31. Nxf6+ exf6 32. Kh4 Ng7 33. f5 Ke7
34. Bh6 Ne8 35. Kxh5 Rc8 36. Kg4 Nc7 37. h4 Na6 38. Bd2 Rg8+ 39. Kf3 Rh8 40.
Kg4 Rg8+ 41. Kf3 Rh8 42. Rh1 Nb8 43. h5 Nc6 44. h6 Ne5+ 45. Ke2 Nxc4 46. h7
Nxd2 47. Kxd2 d5 48. Kd3 Kd6 49. Kd4 dxe4 50. Kxe4 a5 51. bxa5 bxa5 52. Kd4 Kc6
53. Rh6 Kd7 54. Kc5 Ke7 55. Kb5 Kf8 56. Kxa5 Kg7 57. Rh4 Ra8+ 58. Kb6 Kh8 59.
a5 Re8 60. a6 Re1 61. a7 Ra1 62. Rb4 1-0

[Event "Kandidatklassen 2001"]
[Site "Nyborg"]
[Date "2001.04.12"]
[Round "3"]
[White "Pedersen, Jan"]
[Black "Bromann, Thorbjorn"]
[Result "1-0"]
[WhiteElo "2358"]
[BlackElo "2299"]
[PlyCount "43"]
[EventDate "2001.??.??"]

1. g3 d5 2. Bg2 e5 3. d3 Nf6 4. Nf3 Nc6 5. O-O Be7 6. Nbd2 Bg4 7. h3 Bh5 8. e4
dxe4 9. dxe4 Qd7 10. c3 O-O-O 11. Qe2 g5 12. g4 Bg6 13. Nc4 Bxe4 14. Nfxe5 Qd5
15. Nxc6 bxc6 16. Bxe4 Nxe4 17. Be3 f5 18. Rad1 Qb5 19. a4 Qxa4 20. Ra1 Qb3 21.
Rxa7 c5 22. Ne5 1-0

[Event "Kandidatklassen 2001"]
[Site "Nyborg"]
[Date "2001.04.12"]
[Round "3"]
[White "Matthiesen, Martin"]
[Black "Lund, Silas"]
[Result "1/2-1/2"]
[WhiteElo "2295"]
[BlackElo "2305"]
[PlyCount "134"]
[EventDate "2001.??.??"]

1. d4 d5 2. c4 e6 3. Nc3 c5 4. cxd5 exd5 5. Nf3 Nc6 6. g3 Nf6 7. Bg2 Be7 8. O-O
O-O 9. Bg5 c4 10. Ne5 Be6 11. e3 Nd7 12. Nxc6 bxc6 13. Bxe7 Qxe7 14. e4 dxe4
15. Bxe4 Rac8 16. Qf3 Qd6 17. Rad1 Nf6 18. Bf5 Rfe8 19. Bxe6 Rxe6 20. Rd2 h6
21. Qd1 Ne4 22. Re2 Ng5 23. Rxe6 Nxe6 24. d5 cxd5 25. Nxd5 Rd8 26. Ne3 Qc6 27.
Qe2 Nd4 28. Qxc4 Qf3 29. Rd1 Qe4 30. b3 Nf3+ 31. Kh1 Rxd1+ 32. Nxd1 Nd4+ 33.
Kg1 Qe1+ 34. Qf1 Qd2 35. Ne3 Qxa2 36. Qc4 Qb1+ 37. Kg2 Qe4+ 38. Kg1 Qb1+ 39.
Kg2 Nxb3 40. Qa6 Nd2 41. Qxa7 Qe4+ 42. Kg1 Nf3+ 43. Kg2 Ng5+ 44. Kg1 Nh3+ 45.
Kf1 Qh1+ 46. Ke2 Ng1+ 47. Kf1 Nh3+ 48. Ke2 Qxh2 49. Qa8+ Kh7 50. Qe4+ g6 51.
Ng4 Nxf2 52. Nxf2 Qxg3 53. Ng4 h5 54. Nf6+ Kg7 55. Qd4 Qg2+ 56. Ke1 Kh6 57. Ne4
Qh1+ 58. Ke2 Qh2+ 59. Ke1 Qb8 60. Nd6 Qb1+ 61. Kf2 Qa2+ 62. Kg3 Qb3+ 63. Kg2
Qe6 64. Qe5 Qg4+ 65. Kf2 Qh4+ 66. Kf3 Qg4+ 67. Kf2 Qh4+ 1/2-1/2

[Event "Kandidatklassen 2001"]
[Site "Nyborg"]
[Date "2001.04.13"]
[Round "4"]
[White "Pedersen, Jan Rode"]
[Black "Pedersen, Jan"]
[Result "1/2-1/2"]
[WhiteElo "2182"]
[BlackElo "2358"]
[PlyCount "25"]
[EventDate "2001.??.??"]

1. e4 e6 2. d4 d5 3. Nd2 Nc6 4. Ngf3 Nf6 5. e5 Nd7 6. c3 f6 7. exf6 Qxf6 8. Be2
e5 9. dxe5 Ncxe5 10. Nxe5 Nxe5 11. Nf3 Nxf3+ 12. Bxf3 c6 13. Be3 1/2-1/2

[Event "Kandidatklassen 2001"]
[Site "Nyborg"]
[Date "2001.04.13"]
[Round "4"]
[White "Carstensen, Jacob"]
[Black "Hagen, Andreas Skytte"]
[Result "1-0"]
[WhiteElo "2224"]
[BlackElo "2073"]
[PlyCount "53"]
[EventDate "2001.??.??"]

1. d4 Nf6 2. c4 c5 3. Nf3 g6 4. Nc3 cxd4 5. Nxd4 Bg7 6. e4 Nc6 7. Nc2 O-O 8.
Be2 d6 9. O-O b6 10. Be3 Bb7 11. Qd2 Rc8 12. f3 Qc7 13. Rac1 Qb8 14. b3 Rfd8
15. f4 Qa8 16. Bf3 Nb8 17. Nd5 Nxd5 18. exd5 Nd7 19. Nd4 Nf8 20. f5 Re8 21.
fxg6 hxg6 22. Bg4 f5 23. Bxf5 gxf5 24. Nxf5 Bf6 25. Bd4 e5 26. Nxd6 Nh7 27.
Rxf6 1-0

[Event "Kandidatklassen 2001"]
[Site "Nyborg"]
[Date "2001.04.13"]
[Round "4"]
[White "Matthiesen, Martin"]
[Black "Rasmussen, Allan Stig"]
[Result "1/2-1/2"]
[WhiteElo "2295"]
[BlackElo "2274"]
[PlyCount "37"]
[EventDate "2001.??.??"]

1. d4 f5 2. c4 Nf6 3. g3 e6 4. Bg2 Be7 5. Nc3 O-O 6. Nh3 d6 7. O-O c6 8. e4 e5
9. dxe5 dxe5 10. Qe2 fxe4 11. Nxe4 Bf5 12. Rd1 Qc7 13. Nxf6+ Bxf6 14. Ng5 Nd7
15. Be3 Rae8 16. Ne4 Be7 17. c5 Be6 18. Rd2 Kh8 19. b4 1/2-1/2

[Event "Kandidatklassen 2001"]
[Site "Nyborg"]
[Date "2001.04.13"]
[Round "4"]
[White "Aagaard, Jacob"]
[Black "Christensen, Stefan"]
[Result "1-0"]
[WhiteElo "2364"]
[BlackElo "2160"]
[PlyCount "69"]
[EventDate "2001.??.??"]

1. Nf3 Nf6 2. c4 b6 3. g3 Bb7 4. Bg2 e6 5. O-O Be7 6. Nc3 O-O 7. Re1 Ne4 8.
Nxe4 Bxe4 9. d3 Bb7 10. e4 c5 11. d4 cxd4 12. Nxd4 d6 13. b3 a6 14. Bb2 Nd7 15.
h3 Qc7 16. Qe2 Bf6 17. Rad1 Rab8 18. Kh2 Qc5 19. Qd2 Rfd8 20. Bc3 Qc7 21. Ne2
Bxc3 22. Nxc3 Ne5 23. Qe3 Qc5 24. f4 Nc6 25. Qd2 e5 26. Na4 Qb4 27. Qxb4 Nxb4
28. Rd2 exf4 29. gxf4 Kf8 30. Nxb6 Bxe4 31. Rxe4 Rxb6 32. c5 Rb5 33. cxd6 Rd5
34. Rxd5 Nxd5 35. Ra4 1-0

[Event "Kandidatklassen 2001"]
[Site "Nyborg"]
[Date "2001.04.13"]
[Round "4"]
[White "Skytte, Rasmus"]
[Black "Bromann, Thorbjorn"]
[Result "1/2-1/2"]
[WhiteElo "2340"]
[BlackElo "2299"]
[PlyCount "52"]
[EventDate "2001.??.??"]

1. c4 e5 2. g3 Nf6 3. Bg2 d5 4. cxd5 Nxd5 5. Nf3 Nc6 6. O-O Nb6 7. d3 Be7 8.
Nbd2 O-O 9. a3 a5 10. b3 Be6 11. Bb2 f6 12. Qc2 Qd7 13. e3 Rfd8 14. d4 exd4 15.
Nxd4 Nxd4 16. Bxd4 Bf5 17. Ne4 Nd5 18. Rfc1 b6 19. Qe2 c5 20. Bb2 a4 21. Rd1
Qe6 22. Nc3 Nxc3 23. Bxc3 Be4 24. Bxe4 Qxe4 25. Qc4+ Qxc4 26. bxc4 Rxd1+
1/2-1/2

[Event "Kandidatklassen 2001"]
[Site "Nyborg"]
[Date "2001.04.13"]
[Round "4"]
[White "Matthiesen, Arne"]
[Black "Pedersen, Nicolai Vesterbaek"]
[Result "1-0"]
[WhiteElo "2270"]
[BlackElo "2365"]
[PlyCount "89"]
[EventDate "2001.??.??"]

1. d4 Nf6 2. c4 e6 3. Nf3 Bb4+ 4. Nbd2 O-O 5. a3 Be7 6. e4 d5 7. Qc2 b6 8. e5
Nfd7 9. cxd5 exd5 10. Bd3 g6 11. h4 c5 12. h5 Qe8 13. O-O c4 14. Nxc4 Ba6 15.
Ne3 Bb7 16. Bd2 Na6 17. e6 fxe6 18. hxg6 h5 19. Qd1 Kg7 20. Rc1 Rc8 21. Qe2 Nc7
22. Rfe1 Bf6 23. Bb4 Rh8 24. Bd6 Qd8 25. Nf1 Nf8 26. Be5 Ne8 27. Bxf6+ Qxf6 28.
Rxc8 Bxc8 29. Rc1 Bd7 30. Ne5 Qf4 31. Qe3 Qxe3 32. fxe3 Kf6 33. Ng3 Ke7 34. Rf1
h4 35. Rf7+ Kd6 36. Ne2 Rg8 37. Rh7 Nf6 38. Rxh4 Be8 39. Nf4 N8d7 40. Nxd7 Bxd7
41. Nh5 Ne4 42. g7 Ke7 43. Bxe4 dxe4 44. Rxe4 Be8 45. Nf4 1-0

[Event "Kandidatklassen 2001"]
[Site "Nyborg"]
[Date "2001.04.13"]
[Round "4"]
[White "El Kher, Henrik"]
[Black "Pedersen, Christian Kyndel"]
[Result "1-0"]
[WhiteElo "2316"]
[BlackElo "2222"]
[PlyCount "65"]
[EventDate "2001.??.??"]

1. d4 Nf6 2. c4 d6 3. Nc3 g6 4. g3 Bg7 5. Nf3 O-O 6. Bg2 c6 7. O-O Nbd7 8. e4
e5 9. h3 Re8 10. Be3 exd4 11. Nxd4 Nc5 12. Qc2 a5 13. Rad1 a4 14. Nxc6 bxc6 15.
Bxc5 Be6 16. Bxd6 Bxc4 17. Rfe1 Qa5 18. Nxa4 Bxa2 19. Nc3 Be6 20. e5 Nd5 21.
Nxd5 Bxd5 22. Bxd5 cxd5 23. b4 Qb5 24. Qc5 Qd7 25. Kg2 Rad8 26. Qxd5 Bf8 27. b5
Bxd6 28. exd6 Rxe1 29. Rxe1 Kf8 30. Re7 Qf5 31. Qd4 Kg8 32. b6 Qb5 33. Kh2 1-0

[Event "Kandidatklassen 2001"]
[Site "Nyborg"]
[Date "2001.04.13"]
[Round "4"]
[White "Grabow, Pouelsten Holm"]
[Black "Baekgaard, Martin"]
[Result "1/2-1/2"]
[WhiteElo "2186"]
[BlackElo "2259"]
[PlyCount "73"]
[EventDate "2001.??.??"]

1. c4 d6 2. Nc3 f5 3. g3 Nf6 4. Bg2 g6 5. e3 Bg7 6. Nge2 O-O 7. d3 e5 8. b3 c6
9. Bb2 Be6 10. O-O a5 11. Qd2 Na6 12. d4 e4 13. d5 cxd5 14. Nf4 Bf7 15. Ncxd5
Nc5 16. Rad1 Ra6 17. Bd4 Nxd5 18. Nxd5 Bxd5 19. Bxg7 Kxg7 20. Qxd5 Qe7 21. f3
exf3 22. Qd4+ Qf6 23. Bxf3 Rb6 24. Qd2 Qe5 25. Rfe1 Nd7 26. Bd5 a4 27. b4 Nf6
28. b5 Nxd5 29. Qxd5 Qxd5 30. Rxd5 Rc8 31. e4 Rxc4 32. exf5 gxf5 33. Rxf5 Rc5
34. Re7+ Kg6 35. Rff7 Rbxb5 36. Rg7+ Kf6 37. Rgf7+ 1/2-1/2

[Event "Kandidatklassen 2001"]
[Site "Nyborg"]
[Date "2001.04.13"]
[Round "4"]
[White "Lindestrom, Torsten"]
[Black "Lund, Silas"]
[Result "0-1"]
[WhiteElo "2237"]
[BlackElo "2305"]
[PlyCount "128"]
[EventDate "2001.??.??"]

1. d4 e6 2. Nf3 c5 3. g3 cxd4 4. Nxd4 d5 5. Bg2 Nf6 6. c4 e5 7. Nf3 d4 8. O-O
Nc6 9. e3 Bc5 10. exd4 exd4 11. Nbd2 O-O 12. Nb3 Qb6 13. Bg5 Ne4 14. Bf4 f5 15.
Ng5 Nxg5 16. Bxg5 Be6 17. Re1 Bxc4 18. Nxc5 Qxc5 19. Rc1 h6 20. Bxc6 Qxc6 21.
Qxd4 b5 22. Be7 Rf7 23. b3 Qd5 24. Qc3 Bf1 25. f3 Bh3 26. Re5 Qd7 27. Rce1 Rc8
28. Bc5 f4 29. gxf4 Qc6 30. Qc2 Rxf4 31. Qe2 Rxf3 32. Re8+ Kh7 33. Rxc8 Bxc8
34. Qe4+ Qxe4 35. Rxe4 Bh3 36. Bf2 a6 37. Re3 Rxe3 38. Bxe3 Kg6 39. Kf2 Kf5 40.
Bd4 g5 41. Ke3 Bg2 42. Bb6 Bd5 43. Bc7 Ke6 44. Kd4 h5 45. Bd8 g4 46. Bh4 Kd6
47. Bg3+ Kc6 48. Bf2 b4 49. Bh4 Bf7 50. Bd8 Kb5 51. Ke3 Bg6 52. Kd2 Bb1 53. Kc1
Bxa2 54. Kb2 Bxb3 55. Kxb3 a5 56. Bf6 a4+ 57. Kc2 Kc4 58. Kb2 Kd3 59. Be7 b3
60. Bf6 Ke2 61. Ka3 Kf1 62. Kxa4 h4 63. Kxb3 g3 64. hxg3 h3 0-1

[Event "Kandidatklassen 2001"]
[Site "Nyborg"]
[Date "2001.04.13"]
[Round "4"]
[White "Palo, Davor"]
[Black "Rasmussen, Casper Dahl"]
[Result "1/2-1/2"]
[WhiteElo "2324"]
[BlackElo "2255"]
[PlyCount "156"]
[EventDate "2001.??.??"]

1. e4 c5 2. Nc3 e6 3. g3 Nc6 4. Bg2 g6 5. d3 Bg7 6. Be3 d6 7. f4 Nge7 8. Nf3
Nd4 9. O-O O-O 10. e5 Nef5 11. Bf2 Nxf3+ 12. Qxf3 Nd4 13. Qd1 dxe5 14. fxe5
Bxe5 15. Ne4 f5 16. Nxc5 Qc7 17. b4 Bg7 18. c3 Nb5 19. Qb3 Nxc3 20. Rae1 Kh8
21. Nxe6 Bxe6 22. Qxe6 Rf6 23. Qc4 Rf7 24. a3 Qd7 25. Qe6 Nb5 26. a4 Nd4 27.
Qxd7 Rxd7 28. Kh1 Rc8 29. Rc1 Rdc7 30. Rxc7 Rxc7 31. Re1 Kg8 32. Bd5+ Kf8 33.
Rf1 h5 34. Be3 Rd7 35. Bg2 Kf7 36. h3 Ne2 37. Re1 Nxg3+ 38. Kh2 Be5 39. Bxa7
Ne2+ 40. Kh1 Ng3+ 41. Kg1 Bc3 42. Rb1 b5 43. Bc5 bxa4 44. b5 Rxd3 45. b6 a3 46.
b7 Be5 47. b8=Q Bxb8 48. Rxb8 a2 49. Rb7+ Kg8 50. Rb8+ Kh7 51. Rb7+ Kg8 52.
Rb8+ Kh7 53. Rb7+ Kh6 54. Bf8+ Kg5 55. Bg7 Rd1+ 56. Kh2 Ne4 57. Ra7 Rd2 58. Kg1
Rd1+ 59. Kh2 Rd2 60. Kg1 Rc2 61. Ra4 Kf4 62. Ra3 Nd2 63. Bd5 h4 64. Bh6+ g5 65.
Rxa2 Nf3+ 66. Kh1 Rxa2 67. Bxa2 Kg3 68. Be6 Kxh3 69. Bxf5+ g4 70. Bf4 Nh2 71.
Bd3 g3 72. Bf5+ Ng4 73. Kg1 g2 74. Be4 Nf6 75. Bf3 Nd7 76. Bd6 Nf6 77. Bc7 Nh5
78. Be5 Nf4 1/2-1/2

[Event "Kandidatklassen 2001"]
[Site "Nyborg"]
[Date "2001.04.13"]
[Round "4"]
[White "Sorensen, Torben N"]
[Black "Harholm, Jes Uffe"]
[Result "1/2-1/2"]
[WhiteElo "2327"]
[BlackElo "2134"]
[PlyCount "110"]
[EventDate "2001.??.??"]

1. Nf3 Nc6 2. d4 d5 3. g3 Bg4 4. Nbd2 e6 5. Bg2 Bxf3 6. Nxf3 f5 7. O-O Nf6 8.
b3 Be7 9. Bb2 O-O 10. c4 Ne4 11. Rc1 a5 12. a3 Bf6 13. e3 Ne7 14. Qe2 c6 15.
Ne1 Qb8 16. Nd3 Ng6 17. Rfd1 a4 18. b4 Nd6 19. Nc5 Re8 20. cxd5 exd5 21. Qc2 f4
22. exf4 Qc8 23. Nd3 Qg4 24. Ne5 Bxe5 25. fxe5 Nc4 26. Bf1 b5 27. Be2 Qg5 28.
Bxc4 bxc4 29. Qd2 Qg4 30. Rc3 Rf8 31. Rf1 Nh4 32. f4 Nf5 33. Rcf3 h5 34. Qg2
Rae8 35. h3 Qg6 36. Qe2 Re6 37. Qf2 Kf7 38. Kh2 Ke8 39. Qc2 Kf7 40. Qxa4 Kg8
41. R1f2 Nh6 42. Qc2 Rf5 43. a4 Ng4+ 44. hxg4 hxg4 45. Rc3 Qh7+ 46. Kg1 Rh6 47.
Kf1 Rh1+ 48. Ke2 Rh2 49. Rxh2 Qxh2+ 50. Kd1 Qg1+ 51. Kd2 Rh5 52. Re3 Rh2+ 53.
Re2 Qxg3 54. Qf5 Rxe2+ 55. Kxe2 Qh2+ 1/2-1/2

[Event "Kandidatklassen 2001"]
[Site "Nyborg"]
[Date "2001.04.14"]
[Round "5"]
[White "Baekgaard, Martin"]
[Black "Christensen, Stefan"]
[Result "1/2-1/2"]
[WhiteElo "2259"]
[BlackElo "2160"]
[PlyCount "45"]
[EventDate "2001.??.??"]

1. c4 e5 2. g3 Nf6 3. Bg2 d5 4. cxd5 Nxd5 5. Nf3 Nc6 6. O-O Be7 7. d4 exd4 8.
Nxd4 Nxd4 9. Qxd4 Nf6 10. Qa4+ c6 11. Rd1 Qb6 12. Be3 Bc5 13. Bxc5 Qxc5 14. Nc3
O-O 15. Rac1 Qb6 16. Qc2 Be6 17. b3 Rad8 18. Na4 Qc7 19. h3 Rxd1+ 20. Rxd1 Rd8
21. e4 Rxd1+ 22. Qxd1 Qd7 23. Qxd7 1/2-1/2

[Event "Kandidatklassen 2001"]
[Site "Nyborg"]
[Date "2001.04.14"]
[Round "5"]
[White "Skytte, Rasmus"]
[Black "Larsen, Karsten"]
[Result "1/2-1/2"]
[WhiteElo "2340"]
[BlackElo "2320"]
[PlyCount "40"]
[EventDate "2001.??.??"]

1. e4 e5 2. Nf3 Nc6 3. Bb5 a6 4. Ba4 Nf6 5. O-O b5 6. Bb3 Bc5 7. d3 O-O 8. a4
Bb7 9. Nc3 Na5 10. Bd5 Nxd5 11. Nxd5 Re8 12. Bd2 Nc6 13. axb5 axb5 14. Rxa8
Bxa8 15. Be3 Bf8 16. c4 Ne7 17. Nxe7+ Qxe7 18. Nd2 Qb4 19. Qc2 Bc6 20. Ra1 Ra8
1/2-1/2

[Event "Kandidatklassen 2001"]
[Site "Nyborg"]
[Date "2001.04.14"]
[Round "5"]
[White "Matthiesen, Arne"]
[Black "El Kher, Henrik"]
[Result "0-1"]
[WhiteElo "2270"]
[BlackElo "2316"]
[PlyCount "50"]
[EventDate "2001.??.??"]

1. Nf3 d5 2. d4 e6 3. c4 c6 4. Nc3 Nf6 5. Bg5 h6 6. Bxf6 Qxf6 7. e3 Qd8 8. Qc2
Bd6 9. O-O-O Nd7 10. e4 dxc4 11. e5 Be7 12. Bxc4 b5 13. Bb3 Bb7 14. Qe4 Qb6 15.
Qg4 O-O 16. h4 c5 17. d5 c4 18. dxe6 Bxf3 19. exf7+ Kh8 20. Qxf3 Nxe5 21. Qe2
cxb3 22. Qxe5 Bf6 23. Qd5 b4 24. Na4 bxa2 25. Nxb6 a1=Q+ 0-1

[Event "Kandidatklassen 2001"]
[Site "Nyborg"]
[Date "2001.04.14"]
[Round "5"]
[White "Pedersen, Christian Kyndel"]
[Black "Matthiesen, Martin"]
[Result "1-0"]
[WhiteElo "2222"]
[BlackElo "2295"]
[PlyCount "45"]
[EventDate "2001.??.??"]

1. Nf3 Nf6 2. g3 c5 3. Bg2 Nc6 4. O-O e6 5. d3 Be7 6. e4 d6 7. Re1 O-O 8. c3 d5
9. e5 Nd7 10. h4 b5 11. Bf4 a5 12. Nbd2 Qc7 13. Nf1 b4 14. Ne3 a4 15. c4 dxc4
16. dxc4 Nb6 17. Ng5 Bb7 18. Nxh7 Kxh7 19. Qh5+ Kg8 20. Ng4 Qd8 21. Nh6+ gxh6
22. Bxh6 Qd4 23. Re4 1-0

[Event "Kandidatklassen 2001"]
[Site "Nyborg"]
[Date "2001.04.14"]
[Round "5"]
[White "Pedersen, Jan"]
[Black "Rasmussen, Allan Stig"]
[Result "1-0"]
[WhiteElo "2358"]
[BlackElo "2274"]
[PlyCount "117"]
[EventDate "2001.??.??"]

1. e4 c6 2. d4 d5 3. exd5 cxd5 4. c3 Nf6 5. Bf4 Nc6 6. Nf3 g6 7. Nbd2 Bg7 8.
Be2 O-O 9. Ne5 Nd7 10. Nxd7 Qxd7 11. O-O f6 12. Nb3 e5 13. dxe5 fxe5 14. Bg3
Qf7 15. Bf3 e4 16. Be2 Bf5 17. Qd2 Rad8 18. Nd4 Qd7 19. Nxf5 Qxf5 20. Rad1 d4
21. cxd4 Nxd4 22. Bc4+ Kh8 23. Qe3 b5 24. Be2 Nxe2+ 25. Qxe2 Rd3 26. Rde1 Rd4
27. f3 Qc5 28. Kh1 exf3 29. Rxf3 Rxf3 30. Qxf3 Rd8 31. b3 Rf8 32. Qe2 h5 33. h3
Qg5 34. Kh2 a6 35. Qe7 Qf5 36. Re5 Qf7 37. Re6 Qxe7 38. Rxe7 Bd4 39. Rd7 Bg7
40. Ra7 Bd4 41. Rxa6 Rf1 42. h4 Bg1+ 43. Kh3 Bd4 44. Bc7 Rh1+ 45. Kg3 Rc1 46.
Bf4 Rc3+ 47. Kh2 Kh7 48. Rd6 Bf2 49. Rd7+ Kg8 50. g3 Be1 51. Kh3 Rc2 52. a4
bxa4 53. bxa4 Ra2 54. Be5 Re2 55. Bc7 Bf2 56. a5 Bg1 57. g4 hxg4+ 58. Kxg4 Re6
59. Rd6 1-0

[Event "Kandidatklassen 2001"]
[Site "Nyborg"]
[Date "2001.04.14"]
[Round "5"]
[White "Grabow, Pouelsten Holm"]
[Black "Aagaard, Jacob"]
[Result "0-1"]
[WhiteElo "2186"]
[BlackElo "2364"]
[PlyCount "114"]
[EventDate "2001.??.??"]

1. c4 e6 2. e3 Nf6 3. Nf3 d5 4. Be2 dxc4 5. Bxc4 c5 6. O-O a6 7. b3 Be7 8. Bb2
O-O 9. d4 Nc6 10. Nbd2 b5 11. Be2 Bb7 12. dxc5 Bxc5 13. Qc2 Be7 14. Rac1 Rc8
15. Qb1 Qd5 16. Rfd1 Rfd8 17. Nf1 Qh5 18. Ng3 Qg6 19. e4 Nd7 20. Rc2 Nc5 21.
Rcd2 Rxd2 22. Rxd2 Bf6 23. Bxf6 Qxf6 24. Qd1 g6 25. a3 Ne5 26. Nxe5 Qxe5 27. f3
Kg7 28. b4 Na4 29. Rd7 Nc3 30. Qd4 Qxd4+ 31. Rxd4 Nb1 32. Rd7 Rc1+ 33. Kf2 Bc8
34. Rd3 e5 35. Nf1 Rc2 36. Ne3 Ra2 37. g4 Nxa3 38. g5 Nc2 39. Nxc2 Rxc2 40. Ke3
Be6 41. Ra3 Rc6 42. Kd2 Kf8 43. Rc3 Rxc3 44. Kxc3 Ke7 45. h4 Kd6 46. Kd2 Kc6
47. Ke3 Kb6 48. f4 exf4+ 49. Kxf4 Bc4 50. Bd1 a5 51. bxa5+ Kxa5 52. h5 gxh5 53.
Bxh5 b4 54. Bd1 b3 55. Ke3 Kb4 56. Kd2 Ka3 57. Kc3 b2 0-1

[Event "Kandidatklassen 2001"]
[Site "Nyborg"]
[Date "2001.04.14"]
[Round "5"]
[White "Lindestrom, Torsten"]
[Black "Pedersen, Jan Rode"]
[Result "0-1"]
[WhiteElo "2237"]
[BlackElo "2182"]
[PlyCount "90"]
[EventDate "2001.??.??"]

1. d4 Nf6 2. Bg5 Ne4 3. Bf4 c5 4. f3 Nf6 5. d5 d6 6. e4 g6 7. c4 Bg7 8. Nc3 O-O
9. Qd2 Re8 10. g4 Na6 11. Nge2 Nc7 12. Ng3 e5 13. Be3 Nd7 14. h4 Bf6 15. O-O-O
Nf8 16. Bd3 Bd7 17. Rdg1 a6 18. Nf5 gxf5 19. gxf5+ Kh8 20. Qg2 Ng6 21. fxg6
fxg6 22. h5 gxh5 23. Rxh5 Rg8 24. Qh2 Rxg1+ 25. Qxg1 Qe7 26. Qh2 Rg8 27. Bxc5
Bg5+ 28. Kc2 Ne8 29. Bf2 Nf6 30. Rxg5 Rxg5 31. Bh4 Rg6 32. f4 Qg7 33. Bxf6 Qxf6
34. fxe5 Qxe5 35. Qxe5+ dxe5 36. Be2 Rg5 37. d6 Kg7 38. c5 h5 39. Nd5 Kf7 40.
Kd2 Be6 41. c6 bxc6 42. Nb4 c5 43. Nxa6 Rg2 44. Nxc5 Bg4 45. a4 Bxe2 0-1